Hazelwood Properties Limited v London Borough of Camden (Record no. 122047)

MARC details
000 -LEADER
fixed length control field 01516naa a22002537a 4500
008 - FIXED-LENGTH DATA ELEMENTS--GENERAL INFORMATION
fixed length control field 241031e20241009xxk||||os||||o00| 0 eng d
041 ## - LANGUAGE CODE
Language code of text/sound track or separate title eng
245 ## - TITLE STATEMENT
Title Hazelwood Properties Limited v London Borough of Camden
260 ## - PUBLICATION INFORMATION
Place of publication LON/00AG/HIN/2024/0001,
Publisher First-Tier Tribunal Property Chamber,
Date 9 October 2024
520 ## - ABSTRACT
Abstract Heard by Deputy Regional Judge Nikki Carr, Regional Surveyor Helen Bowers MRICS and Mr Andrew Gee RIBA (a specialist fire safety member) re property known as Princes Park Apartments, 52 Prince of Wales Road, London Nw5 3LN. Between applicant Hazelwood Properties and respondent Camden council. Consisting of an appeal by the landlord against the improvement notice and an application by the tenants for a remediation order. The external wall systems include zinc cladding, PIR insulation and ply board as well as timber cladding. The balconies are largely timber. The concierge area contains substantial amounts of timber.
650 ## - KEYWORDS
Keywords BALCONIES
650 ## - KEYWORDS
Keywords CLADDING
650 ## - KEYWORDS
Keywords HOUSING ACT 2004
650 ## - KEYWORDS
Keywords BUILDING SAFETY ACT 2022
650 ## - KEYWORDS
Keywords COMBUSTIBLE MATERIALS
650 ## - KEYWORDS
Keywords DEFECTIVE MATERIALS
650 ## - KEYWORDS
Keywords FIRE SAFETY
650 ## - KEYWORDS
Keywords IMPROVEMENT NOTICES
650 ## - KEYWORDS
Keywords JUDGMENT
650 ## - KEYWORDS
Keywords REMEDIATION
650 ## - KEYWORDS
Keywords ZINC CLADDING
651 ## - SUBJECT ADDED ENTRY--GEOGRAPHIC NAME
Geographic name United Kingdom
856 ## - ONLINE RESOURCE
Uniform Resource Identifier https://assets.publishing.service.gov.uk/media/67092b42366f494ab2e7b759/Princes_Park_Apartments__52_Prince_of_Wales_Road__London_NW5_3LN_LON-00AG-HIN-2024-0001.pdf
Public note Available from FTT
Holdings
Withdrawn status Lost status Damaged status Koha normalized classification for sorting Not for loan Home library Current library Shelving location Date acquired Total Checkouts Full call number Date last seen Price effective from Koha item type
      ONLINE_JUDGMENT   Virtual Virtual Online 31/10/2024   ONLINE JUDGMENT 31/10/2024 31/10/2024 Law report